Poland's squads in 21-st century tournaments - Football - Statistics

General Stats
  • This quiz has been taken 481 times
  • The average score is 45 of 96
Answer Stats
Year / Position Number Name % Correct
CF [9] Robert Lewandowski
99%
DM [18] Mariusz Lewandowski
96%
DM [18] Mariusz Lewandowski
96%
RM [16] Jakub Błaszczykowski
89%
GK [1] Wojciech Szczęsny
89%
GK [1] Artur Boruc
87%
GK [1] Artur Boruc
87%
GK [1] Jerzy Dudek
85%
RB [16] Łukasz Piszczek
84%
RB [20] Łukasz Piszczek
84%
GK [22] Łukasz Fabiański
79%
GK [22] Łukasz Fabiański
79%
GK [22] Przemysław Tytoń
71%
CF [11] Emmanuel Olisadebe
69%
2012 Coach Franciszek Smuda
63%
CF [14] Marcin Żewłakow
63%
LB [4] Michał Żewłakow
63%
CB [14] Michał Żewłakow
63%
CB [14] Michał Żewłakow
63%
RM [19] Maciej Żurawski
62%
CF [9] Maciej Żurawski
62%
CF [9] Maciej Żurawski
62%
RM [15] Euzebiusz Smolarek
60%
RM [7] Euzebiusz Smolarek
60%
CB [6] Tomasz Hajto
60%
LM [18] Jacek Krzynówek
59%
LM [8] Jacek Krzynówek
59%
LM [8] Jacek Krzynówek
59%
AM [10] Ludovic Obraniak
59%
LB [3] Jakub Wawrzyniak
56%
LB [14] Jakub Wawrzyniak
56%
CB [20] Jacek Bąk
55%
CB [6] Jacek Bąk
55%
CB [6] Jacek Bąk
55%
LB [2] Sebastian Boenisch
55%
CM [17] Arkadiusz Bąk
54%
2002 Coach Jerzy Engel
54%
CB [15] Damien Perquis
53%
CF [23] Paweł Brożek
52%
CF [23] Paweł Brożek
52%
RB [13] Marcin Wasilewski
51%
CB [13] Marcin Wasilewski
51%
2006 Coach Paweł Janas
49%
LB [17] Dariusz Dudka
48%
LB [5] Dariusz Dudka
48%
DM [5] Dariusz Dudka
48%
LM [21] Kamil Grosicki
48%
CM [7] Eugen Polanski
46%
2008 Coach Leo Beenhakker
46%
CM [16] Maciej Murawski
46%
LM [8] Maciej Rybus
46%
CM [19] Rafał Murawski
46%
CM [11] Rafał Murawski
46%
DM [15] Michał Pazdan
43%
CB [19] Bartosz Bosacki
41%
GK [12] Radosław Majdan
40%
CB [2] Tomasz Kłos
39%
CB [15] Tomasz Wałdoch
39%
GK [12] Grzegorz Sandomierski
38%
CB [3] Jacek Zieliński
38%
CF [9] Paweł Kryszałowicz
37%
GK [12] Tomasz Kuszczak
37%
CB [13] Arkadiusz Głowacki
35%
CB [2] Mariusz Jop
35%
CB [2] Mariusz Jop
35%
DM [10] Radosław Kałużny
35%
CF [21] Ireneusz Jeleń
34%
GK [22] Adam Matysek
33%
AM [18] Adrian Mierzejewski
33%
CM [7] Piotr Świerczewski
32%
AM [20] Roger Guerreiro
31%
LM [5] Kamil Kosowski
30%
CB [4] Marcin Kamiński
30%
DM [7] Radosław Sobolewski
30%
AM [13] Sebastian Mila
30%
CF [11] Grzegorz Rasiak
29%
AM [10] Mirosław Szymkowiak
29%
RB [4] Marcin Baszczyński
27%
DM [21] Marek Koźmiński
27%
CF [11] Marek Saganowski
25%
DM [6] Adam Matuszczyk
24%
LB [5] Tomasz Rząsa
24%
CF [17] Artur Sobiech
23%
CB [3] Grzegorz Wojtkowiak
23%
RM [23] Paweł Sibik
22%
AM [19] Rafał Wolski
22%
GK [12] Wojciech Kowalewski
21%
CF [21] Tomasz Zahorski
18%
DM [16] Arkadiusz Radomski
16%
RB [4] Paweł Golański
16%
AM [10] Łukasz Garguła
14%
CF [8] Cezary Kucharski
12%
CM [20] Piotr Giza
12%
RM [17] Wojciech Łobodziński
11%
LB [3] Seweryn Gancarczyk
8%
CB [23] Adam Kokoszka
3%
No matching quizzes found
Score Distribution
Percent of People with Each Score
Percentile by Number Answered
Your Score History
You have not taken this quiz